| 000 | 00593nam a2200205 i 4500 | ||
|---|---|---|---|
| 001 | bgj | ||
| 100 | 1 |
_aORWELL, George _d(1903-1950) |
|
| 245 | 1 | 0 |
_aAnimal farm : _ba fairy story / _cby George Orwell ; with an introd. by C. M. Woodhouse. |
| 260 |
_aNew York : _bNew American Library, _ccop. 1946. |
||
| 300 |
_a128 pp ; _c18 cm. |
||
| 490 | 1 | _aA signet classic | |
| 504 | _aBibliography p. 14. | ||
| 650 | 9 |
_aEnglish fiction _y20th century |
|
| 830 | _aA signet classic | ||
| 020 | _apbk | ||
| 040 | _cBPK | ||
| 041 | 0 | _aeng | |
| 942 | _cKS | ||
| 008 | s uk f |000 0 eng | ||
| 999 |
_c48052 _d48052 |
||
| 856 |
_uhttp://koha.tu.koszalin.pl/cgi-bin/koha/opac-detail.pl?biblionumber=48052 _yKatalog online BPK |
||